Представление документа в формате MARC21

Поле Инд. ПП Название Значение
Тип записи a
Библиографический уровень m
001 Контрольный номер 602d4670-e7a4-4f73-9927-51af88b66ebb
005 Дата корректировки 20160115140735.6
008 Кодируемые данные 031216
020 a ISBN 5-7695-1098-6
c Цена, тираж 130.00
040 a Служба первич. каталог. НБ ТвГУ
041 0_ a Код языка текста rus
080 a Индекс УДК 550.47(075.8)
084 a Индекс другой классификации/Индекс ББК Е072.8я73-1
090 x Авторский знак Д 56
a Полочн. индекс Е072.8
100 1_ a Автор Добровольский Всеволод Всеволодович
q Полное имя Добровольский В. В.
245 10 a Заглавие Основы биогеохимии
b Продолж. заглавия учебник для студентов высших учебных заведений, обучающихся по специальности 013000 и направлению 510700 "Почвоведение"
260 0_ a Место издания Москва
b Издательство Аcademia
c Дата издания 2003
300 a Объем 396,[1] с.
b Иллюстрации/ тип воспроизводства ил., табл.
440 _0 a Серия Высшее образование
504 a Библиография Библиогр. в конце глав.
a Библиография Предм. указ.: с.389-394.
583 a Действие Получение впервые 328 09.12.2003
k Исполнитель действия Акт передачи
583 a Действие Приписка 335 07.09.2004
k Исполнитель действия ООО "Книжный мир"
653 0_ a Ключевые слова Биогеохимия
a Ключевые слова Геохимия литосферы
a Ключевые слова Биогеохимические циклы
a Ключевые слова Биогеохимические природные зоны
a Ключевые слова Учебники для вузов
888 a За счет средств "ИнноЦентра"
a За счет средств университета
901 t Тип документа m
920 a Оператор Карл
952 p 328.2003 130.00 1 773309
p 328.2003 130.00 1 773310
p 335.2004 135.00 1 788515
p 335.2004 135.00 1 788516
p 335.2004 135.00 1 788517
p 335.2004 135.00 1 788518
p 335.2004 135.00 1 788519
p 335.2004 135.00 1 788520
p 335.2004 135.00 1 788521
p 335.2004 135.00 1 788522
p 335.2004 135.00 1 788523
p 335.2004 135.00 1 788524
c Вид литературы К ру
954 a Дата поступления на обработку 20040108